Normal view
MARC view
Entry Personal Name
001 - CONTROL NUMBER
- control field: 53857
003 - CONTROL NUMBER IDENTIFIER
- control field: OSt
005 - DATE AND TIME OF LATEST TRANSACTION
- control field: 20240829110218.0
008 - FIXED-LENGTH DATA ELEMENTS
- fixed length control field: 240829|| aca||aabn | a|a d
040 ## - CATALOGING SOURCE
- Original cataloging agency: OSt
- Transcribing agency: OSt
100 ## - HEADING--PERSONAL NAME
- Personal name: ဇေယျပဏ္ဍိတ၊ ညောင်ရမ်း
670 ## - SOURCE DATA FOUND
- Source citation: Work cat.: (OSt)20652: ဇေယျပဏ္ဍိတ၊ ညောင်ရမ်း, စေတီဘုရားတည်ထားနည်းကျမ်း /, ၂၀၁၁။